Famous Scientists by picture - Statistics

General Stats
  • This quiz has been taken 50 times
  • The average score is 7 of 20
Answer Stats
Picture Answer % Correct
Albert Einstein
98%
Charles Darwin
98%
Marie Curie
90%
Issac Newton
83%
Nicolaus Copernicus
60%
Johannes Kepler
40%
Micheal Faraday
40%
Dmitri Mendeleev
38%
Alessandro Volta
24%
Robert Boyle
24%
Wolfgang Pauli
24%
Glenn Seabourg
21%
Aryabhata
19%
Ibn Al-Haytham
19%
James Watt
19%
Alfred Wegner
14%
Lise Metiner
14%
Otto Hahn
14%
James Chadwick
5%
Shushruta
2%
No matching quizzes found
Score Distribution
Percent of People with Each Score
Percentile by Number Answered
Your Score History
You have not taken this quiz